000
00354 a2200169 4500
001
186958
020
_a
978-85-08-07043-5
040
_c
Magnum
100
_a
Dupré, Maria José
240
1
0
_a
A ilha perdida
_l
por
245
1
0
_a
A ilha perdida
300
_a
133
362
0
_a
2009
440
1
_a
Ática
697
_a
LITERATURA JUVENIL
942
_c
BK
999
_c
186958
_d
186958